000 00544nam a2200217Ia 4500
003 OSt
005 20221007082836.0
006 a|||||r|||| 00| 0
007 ta
008 221006b |||||||| |||| 00| 0 eng d
024 _a30,284
037 _cDissertations
040 _aFLL
_cFLL
_beng
041 _2eng
_aeng
100 _aArun Kumar
245 0 _aConcept of mitakshara coparcenary
_b in retrospect and prospect
260 _c2007
300 _a122p
_ccm.
942 _cDIS
_2CC
999 _c1167912
_d1167912